000 00673nam a2200217Ia 4500
003 GCL
008 140319s9999 xx 000 0 ara d
040 _aGCL /
_cGCL
082 0 4 _aط
_b781.91
_bر م
100 1 _aرتيبة الحفنى
245 1 0 _aسر المايسترو 15 /
_cرتيبة الحفنى
260 _a[S.N] :
_bمكتبة القاهرة
300 _a16 ص
490 _aالموسوعة الموسيقية الميسرة
_v0
650 0 4 _aالموسيقى
650 0 4 _aالالات الموسيقية
650 0 4 _aالاوركسترا
650 0 4 _aموسيقى الجاز
650 0 4 _aالاشكال الموسيقية
942 _2ddc
_cBK
999 _c56502
_d56502